Lịch sử thế giới cổ đại

Gardado en:
Detalles Bibliográficos
Autor Principal: Lương Ninh
Formato: Libro
Publicado: H. Giáo dục 2001
Các nhãn: Engadir etiqueta
Sen Etiquetas, Sexa o primeiro en etiquetar este rexistro!
Thư viện lưu trữ: Trung tâm Học liệu Lê Vũ Hùng, Trường Đại học Đồng Tháp
LEADER 00606pam a22001698a 4500
001 00038235
005 20171026081023.0
008 170515s2001 ||||||Viesd
041 0 # |a Vie 
082 1 4 |a 909  |b L302S 
100 1 # |a Lương Ninh 
245 1 0 |a Lịch sử thế giới cổ đại  |c Lương Ninh (chủ biên), Đinh Ngọc Bảo, Đặng Quang Minh, [ những người khác] 
260 # # |a H.  |b Giáo dục  |c 2001 
300 # # |a 238tr. 
852 # # |b Kho đọc  |j KD.1001922 
910 |d 15/05/2017 
980 # # |a Trung tâm Học liệu Lê Vũ Hùng, Trường Đại học Đồng Tháp